000
00320nam a2200157Ia 4500
001
35257
003
IN-NITTTR
005
20251114232954.0
008
251113s9999||||xx |||||||||||||| ||eng||
040
_b
eng
040
_c
IN-NITTTR
041
_a
eng
082
_a
PER
245
0
_a
Electrical India /
942
_2
ddc
_c
BK
999
_c
6456
_d
6456